000 00462nam a2200169Ia 4500
001 11128
003 GE_BSU
008 181216s||||||||xx |||||||||||||| ||und||
020 _a9770201729000
040 _cGE_BSU
245 _aБанковские технологии № 06(221) 2014
245 _cГл. ред.Ю.Н.Гордеев
260 _aМосква
300 _a64стр.29см.
653 _aБанковские технологии
942 _cCR
999 _c44366
_d44366